000 00272nam a2200097Ia 4500
082 _a657.0285536 VAND
245 0 _aPastel Accounting
100 _a VAN DER MERWE, P. Sandton [South Africa], 1998
_973371
942 _cBK
008 210817s9999 xx 000 0 und d
999 _c240226
_d240225